000 01241cab a22002535a 4500
001 L139926
008 070820e20070818xxk f 000 0 eng d
035 _a(Sirsi) u139926
041 0 _aeng
100 1 _aDollar, Peta
245 0 2 _aA different type of contract
260 _c2007
490 0 _aEstates Gazette
_v(0733) 18 August 2007, 88-89(2)
520 _aThis "Mainly for students" article examines various aspects of collateral warranties. Provides a definition of a collateral warranty, explains the different provisions contained in a collateral warranty, and discusses some current issues including when collateral warranties should be given, the scope of the Contracts (Rights of Third Parties) Act 1999, and decennial insurance. Concludes by summarising the importance of collateral warranties. (See also L140845).
590 _aKA
650 2 4 _aCONTRACTS (RIGHTS OF THIRD PARTIES) ACT 1999
650 2 4 _aD&F ESTATES LTD V CHURCH COMMISSIONERS
650 2 4 _aMURPHY V BRENTWOOD DC
650 2 4 _aHEDLEY BYRNE AND CO LTD V HELLER AND PARTNERS LTD
650 2 4 _aAVRAAMIDES V COLWILL
651 4 _aUnited Kingdom
_y
690 _aBUILT ENVIRONMENT-CONSTRUCTION MANAGEMENT-BUILDING CONTRACT ADMINISTRATION
942 _n0
999 _c79132
_d79132